| 000 | 00960nac a22002771u 4500 | ||
|---|---|---|---|
| 003 | EG-ScBUE | ||
| 005 | 20220324100318.0 | ||
| 008 | 200219s1985 enk f b 001 1 eng d | ||
| 020 | _a071020518X | ||
| 040 |
_aEG-ScBUE _beng _erda _cEG-ScBUE _dEG-ScBUE |
||
| 082 | 0 | 4 |
_a843.8 _bWAL _222 |
| 100 | 1 |
_aWalker, Philip D., _eauthor. |
|
| 245 | 1 | 0 |
_aZola / _cPhilip Walker, professor of French literature, University of California, Santa Barbara. |
| 264 | 1 |
_aLondon : _bRoutledge and Kegan Paul, _c1985. |
|
| 300 |
_ax, 257 pages ; _c23 cm |
||
| 336 |
_2rdacontent _atext _btxt |
||
| 337 |
_2rdamedia _aunmediated _bn |
||
| 338 |
_2rdacarrier _avolume _bnc |
||
| 504 | _aIncludes bibliographical references and index. | ||
| 600 | 1 | 7 |
_aZola, Emile, _d1840-1902. _2BUEsh |
| 650 | 7 |
_aNovelists, French _y19th century _xBiography. _2BUEsh |
|
| 651 | _2BUEsh | ||
| 653 |
_bHHUUEENN _cMarch2022 |
||
| 655 |
_vReading book _934232 |
||
| 942 |
_cBB _k843.8 WAL _2ddc |
||
| 999 |
_c9550 _d9550 |
||